| 000 | 00548nam a2200169 4500 | ||
|---|---|---|---|
| 001 | 3508 | ||
| 005 | 20181127171346.0 | ||
| 020 | 0 | 0 | _a9789993689911 |
| 090 | 0 | 0 | _a895.1 C5455m 2012 |
| 100 |
_aChoden, Kunzang, _b _c _d _e _q _d1952- |
||
| 245 | 0 | 0 |
_aMembar Tsho - the flaming lake: _bA story from Bhutan / _cKunzang Choden. _h |
| 260 | 0 | 0 |
_a[Thimphu] : _bRiyang Books, _c2012. |
| 300 | 0 | 0 | _a[24 p.] : col. ill. ; 22 cm. |
| 500 | 0 | 0 | _aIllustrations by Pema Tshering. |
| 651 |
_aBhutan --Fiction. _v _x _y _z _2 |
||
| 651 |
_aBhutan --Juvenile literature. _v _x _y _z _2 |
||
| 999 |
_c2849 _d2849 |
||